[Event "British Columbia-ch"]
[Site "North Vancouver CAN"]
[Date "2023.10.08"]
[Round "4.4"]
[White "Yang, Jingyun (Ryan)"]
[Black "Doknjas, Neil"]
[Result "0-1"]
[WhiteElo "2212"]
[BlackElo "2300"]
[PlyCount "72"]
[EventDate "2023.10.06"]
[EventType "tourn"]
[EventRounds "7"]
[EventCountry "CAN"]

1. e4 e5 2. Nc3 Nf6 3. f4 d5 4. fxe5 Nxe4 5. Qf3 f5 6. d3 Nxc3 7. bxc3 d4 8.
Qg3 dxc3 9. Be2 Be6 10. Bf3 Nc6 11. Bxc6+ bxc6 12. Ne2 Qd7 13. O-O Bc5+ 14. Be3
Bb6 15. a4 a5 16. Qf2 Bxe3 17. Qxe3 O-O 18. Ra3 Rfb8 19. Qc5 Rb4 20. Rxc3 Ra6
21. d4 Bf7 22. g4 fxg4 23. Re3 Ra8 24. c3 Rc4 25. Rxf7 Qxf7 26. e6 Qf3 27. Qe5
Qf6 28. Qxc7 Rf8 29. Nf4 Rxc3 30. Re4 Rc1+ 31. Kf2 Qh4+ 32. Kg2 Rc2+ 33. Re2
Rxe2+ 34. Nxe2 Qh3+ 35. Kh1 Rf1+ 36. Ng1 Qf3# 0-1

[Event "British Columbia-ch"]
[Site "North Vancouver CAN"]
[Date "2023.10.08"]
[Round "5.1"]
[White "Doknjas, Neil"]
[Black "Qu, Leo"]
[Result "1-0"]
[WhiteElo "2300"]
[BlackElo "2230"]
[PlyCount "97"]
[EventDate "2023.10.06"]
[EventType "tourn"]
[EventRounds "7"]
[EventCountry "CAN"]

1. e4 c6 2. Nf3 d5 3. d3 g6 4. Qe2 Bg7 5. g3 Bg4 6. Bg2 e6 7. Nbd2 Nd7 8. h3
Bxf3 9. Nxf3 Ne7 10. O-O O-O 11. c3 Re8 12. e5 c5 13. h4 Nc6 14. Bf4 b5 15. h5
a5 16. d4 cxd4 17. cxd4 Qb6 18. Be3 Rec8 19. Bh3 Rc7 20. Rfd1 Rac8 21. Ng5 Nd8
22. Bf1 b4 23. Qg4 Nf8 24. Bd3 a4 25. Kg2 a3 26. b3 Rc3 27. Qe2 Nc6 28. Nf3 Ne7
29. Bg5 R3c7 30. g4 Nc6 31. Be3 Nd8 32. h6 Bh8 33. g5 Nd7 34. Rac1 Kf8 35. Ba6
Rxc1 36. Rxc1 Rxc1 37. Bxc1 Nc6 38. Be3 Ndb8 39. Bb5 Ke7 40. Bxc6 Nxc6 41. Qd3
Kd7 42. Ne1 Kc7 43. f4 Kb7 44. Nc2 Qa5 45. Bd2 Kb6 46. Nxb4 Nxb4 47. Qc3 Nc6
48. Qxc6+ Kxc6 49. Bxa5 1-0

[Event "British Columbia-ch"]
[Site "North Vancouver CAN"]
[Date "2023.10.08"]
[Round "5.2"]
[White "Jiang, Kate"]
[Black "Yang, Jingyun (Ryan)"]
[Result "0-1"]
[WhiteElo "2111"]
[BlackElo "2212"]
[PlyCount "166"]
[EventDate "2023.10.06"]
[EventType "tourn"]
[EventRounds "7"]
[EventCountry "CAN"]

1. e4 c5 2. c3 d5 3. exd5 Qxd5 4. d4 Nf6 5. Nf3 Nc6 6. Be2 cxd4 7. cxd4 e6 8.
O-O Be7 9. Nc3 Qd8 10. Be3 O-O 11. Rc1 Nb4 12. Qb3 b6 13. Ne5 Bb7 14. Rfd1 Nbd5
15. Bd2 Nxc3 16. bxc3 Ne4 17. Bf4 Bg5 18. Bxg5 Qxg5 19. Nf3 Qe7 20. c4 Rfd8 21.
Qe3 Qf6 22. Bd3 Nd6 23. c5 Bxf3 24. Qxf3 Qxf3 25. gxf3 Ne8 26. Ba6 Kf8 27. a4
Rab8 28. c6 Nc7 29. Bc4 Rd6 30. Be2 Rbd8 31. a5 b5 32. a6 Rxd4 33. Rxd4 Rxd4
34. Bxb5 Nxb5 35. c7 Nd6 36. c8=Q+ Nxc8 37. Rxc8+ Ke7 38. Kg2 Rd6 39. Rc7+ Rd7
40. Rc6 Kd8 41. Rc4 Rd6 42. Rb4 Rxa6 43. Rb7 Ke8 44. Kg3 g6 45. f4 Kf8 46. h4
h5 47. Kf3 Kg7 48. Ke4 Ra1 49. Kf3 a5 50. Ra7 a4 51. Ra5 a3 52. Kg3 a2 53. Kf3
Kf8 54. Ra7 Ke8 55. Ra3 Kd7 56. Ra7+ Kc6 57. Ra3 f6 58. Ra6+ Kb5 59. Ra8 e5 60.
fxe5 fxe5 61. Rb8+ Kc6 62. Ra8 Kd5 63. Ra5+ Ke6 64. Ra6+ Kf5 65. Ra5 Rh1 66.
Rxa2 Rxh4 67. Ra5 Rb4 68. Kg2 g5 69. Ra8 e4 70. Rf8+ Kg4 71. Ra8 Rb5 72. Re8
Kf4 73. Rh8 h4 74. Rf8+ Rf5 75. Rh8 Kg4 76. Rh7 h3+ 77. Kg1 e3 78. fxe3 Kg3 79.
e4 Ra5 80. Kf1 h2 81. Ke2 Ra1 82. Rh5 h1=Q 83. Rxg5+ Kf4 0-1

[Event "British Columbia-ch"]
[Site "North Vancouver CAN"]
[Date "2023.10.08"]
[Round "5.4"]
[White "Liu, Zachary"]
[Black "Doknjas, John"]
[Result "0-1"]
[WhiteElo "2186"]
[BlackElo "2299"]
[PlyCount "102"]
[EventDate "2023.10.06"]
[EventType "tourn"]
[EventRounds "7"]
[EventCountry "CAN"]

1. e4 e5 2. Nf3 Nc6 3. Nc3 Nf6 4. d4 exd4 5. Nxd4 Bb4 6. Nxc6 bxc6 7. Bd3 O-O
8. O-O d5 9. exd5 cxd5 10. Bg5 c6 11. Qf3 Bd6 12. h3 Rb8 13. Rab1 Re8 14. Ne2
Be5 15. b3 c5 16. Bf4 Bb7 17. Bxe5 Rxe5 18. Qf4 Qe7 19. Ng3 g6 20. Rbe1 Re8 21.
Rxe5 Qxe5 22. Qxe5 Rxe5 23. c4 Ba6 24. Rd1 d4 25. a3 Nd7 26. b4 Bb7 27. Bf1 Re6
28. bxc5 Nxc5 29. Rxd4 Ra6 30. Rd8+ Kg7 31. Re8 Rxa3 32. Re5 Nd7 33. Re1 a5 34.
Ne4 Bc6 35. Nd6 a4 36. Nb5 Bxb5 37. cxb5 Kf6 38. Rb1 Rb3 39. Rd1 Nc5 40. Rc1
Ne4 41. f3 Nd2 42. Ra1 a3 43. Be2 Ke5 44. Kf2 Kd6 45. Ra2 Nb1 46. Ke1 Nc3 47.
Ra1 Rb1+ 48. Rxb1 Nxb1 49. Bc4 Nc3 50. Bxf7 Nd5 51. b6 a2 0-1

[Event "British Columbia-ch"]
[Site "North Vancouver CAN"]
[Date "2023.10.09"]
[Round "6.1"]
[White "Qu, Leo"]
[Black "Doknjas, John"]
[Result "1-0"]
[WhiteElo "2230"]
[BlackElo "2299"]
[PlyCount "79"]
[EventDate "2023.10.06"]
[EventType "tourn"]
[EventRounds "7"]
[EventCountry "CAN"]

1. d4 Nf6 2. Nc3 d5 3. Bf4 a6 4. e3 Bf5 5. Nf3 e6 6. Ne5 h6 7. g4 Bh7 8. h4
Nfd7 9. Bd3 Bxd3 10. Qxd3 c5 11. a3 Nxe5 12. Bxe5 Nc6 13. O-O-O Qa5 14. e4 Nxe5
15. dxe5 d4 16. Ne2 O-O-O 17. Kb1 Be7 18. f4 b5 19. Qf3 Qc7 20. Qg3 Rd7 21. f5
Rhd8 22. g5 hxg5 23. hxg5 exf5 24. exf5 Rd5 25. f6 Bf8 26. Qg4+ Kb7 27. e6 gxf6
28. gxf6 Qc8 29. Rh7 Kb6 30. Rxf7 d3 31. Rxd3 Rxd3 32. cxd3 Rxd3 33. Qe4 Rd1+
34. Ka2 c4 35. Qb7+ Qxb7 36. Rxb7+ Kxb7 37. e7 Bxe7 38. fxe7 c3 39. e8=Q cxb2
40. Kxb2 1-0

[Event "British Columbia-ch"]
[Site "North Vancouver CAN"]
[Date "2023.10.09"]
[Round "6.2"]
[White "MacKinnon, Keith"]
[Black "Liu, Zachary"]
[Result "1-0"]
[WhiteElo "2325"]
[BlackElo "2186"]
[PlyCount "125"]
[EventDate "2023.10.06"]
[EventType "tourn"]
[EventRounds "7"]
[EventCountry "CAN"]

1. c4 c6 2. Nf3 d5 3. e3 Nf6 4. Nc3 g6 5. d4 Bg7 6. cxd5 cxd5 7. Bd3 O-O 8. O-O
Nc6 9. h3 Bf5 10. Bxf5 gxf5 11. b3 Ne4 12. Ne2 Kh8 13. Bb2 Qd6 14. Nf4 Rac8 15.
Rc1 e6 16. Ne1 Rc7 17. Ned3 Rfc8 18. f3 Nf6 19. Qe1 Ne7 20. Ne5 Kg8 21. Qa5 b6
22. Qa6 Rxc1 23. Bxc1 Rc7 24. Ba3 Qd8 25. Rc1 Rxc1+ 26. Bxc1 Qc7 27. Bd2 Ng6
28. Nfd3 Nxe5 29. Nxe5 Nd7 30. Nd3 Bf8 31. Kf2 Nb8 32. Qa4 Qd7 33. Qxd7 Nxd7
34. Bb4 a5 35. Bxf8 Kxf8 36. b4 Ke7 37. Ke2 Kd6 38. Kd2 Kc6 39. a4 b5 40. axb5+
Kxb5 41. bxa5 Kxa5 42. Kc3 Kb5 43. Nf4 Nf8 44. Nh5 Nd7 45. Kb3 Ka5 46. Nf4 Nf8
47. Nh5 Nd7 48. Kc3 Kb5 49. g4 fxg4 50. hxg4 Kc6 51. Kb4 Kd6 52. Kb5 f6 53. Kb4
e5 54. Kb5 exd4 55. exd4 Nb8 56. Nxf6 Nc6 57. Ne8+ Kd7 58. Kc5 Ne7 59. Nf6+ Ke6
60. Nxh7 Ng6 61. Ng5+ Kf6 62. Nh3 Ke6 63. f4 1-0

[Event "British Columbia-ch"]
[Site "North Vancouver CAN"]
[Date "2023.10.09"]
[Round "6.4"]
[White "Doknjas, Neil"]
[Black "Jiang, Kate"]
[Result "1-0"]
[WhiteElo "2300"]
[BlackElo "2111"]
[PlyCount "91"]
[EventDate "2023.10.06"]
[EventType "tourn"]
[EventRounds "7"]
[EventCountry "CAN"]

1. e4 e5 2. Nc3 Nc6 3. g3 Nf6 4. Bg2 Bc5 5. d3 a5 6. Nge2 d6 7. O-O O-O 8. h3
Be6 9. Kh2 d5 10. f4 exf4 11. Nxf4 d4 12. Nce2 Qd7 13. Ng1 Ne5 14. Nf3 Nxf3+
15. Qxf3 Bd6 16. e5 Bxe5 17. Qxb7 Rab8 18. Qf3 Bxf4 19. Qxf4 Rb5 20. g4 h6 21.
b3 Rd8 22. Bf3 Nh7 23. a4 Rb6 24. Bd2 Ra6 25. Rae1 f5 26. gxf5 Bxf5 27. Bg2 Rf8
28. Qe5 Raf6 29. Bxa5 Ng5 30. h4 Nf7 31. Qxc7 Qxc7+ 32. Bxc7 Rc8 33. Be5 Nxe5
34. Rxe5 Bg4 35. Rxf6 gxf6 36. Re4 f5 37. Rxd4 Rxc2 38. Kg3 Rc3 39. Bd5+ Kg7
40. a5 Kf6 41. a6 Ke5 42. a7 Kxd4 43. Bc4 Rc1 44. a8=Q Kc3 45. Qa5+ Kc2 46. b4
1-0

[Event "British Columbia-ch"]
[Site "North Vancouver CAN"]
[Date "2023.10.09"]
[Round "7.1"]
[White "Jiang, Kate"]
[Black "Qu, Leo"]
[Result "1/2-1/2"]
[WhiteElo "2111"]
[BlackElo "2230"]
[PlyCount "55"]
[EventDate "2023.10.06"]
[EventType "tourn"]
[EventRounds "7"]
[EventCountry "CAN"]

1. e4 c6 2. d4 d5 3. f3 dxe4 4. fxe4 e5 5. Nf3 Bg4 6. Bc4 Nd7 7. O-O Ngf6 8. c3
Bd6 9. Be3 O-O 10. Nbd2 exd4 11. Bxd4 Qe7 12. Qe2 Ne5 13. Rae1 b5 14. Bb3 a6
15. Bf2 Rae8 16. Bc2 Bh5 17. Bh4 Ng6 18. Qf2 Ne5 19. h3 Nxf3+ 20. Nxf3 Bxf3 21.
Qxf3 Be5 22. Kh1 c5 23. Rd1 Rd8 24. Qf5 Qe6 25. Rfe1 Rfe8 26. Qxe6 fxe6 27. Bf2
Rc8 28. Bd3 1/2-1/2

[Event "British Columbia-ch"]
[Site "North Vancouver CAN"]
[Date "2023.10.09"]
[Round "7.3"]
[White "Liu, Zachary"]
[Black "Yang, Jingyun (Ryan)"]
[Result "1-0"]
[WhiteElo "2186"]
[BlackElo "2212"]
[PlyCount "153"]
[EventDate "2023.10.06"]
[EventType "tourn"]
[EventRounds "7"]
[EventCountry "CAN"]

1. e4 c5 2. Nf3 e6 3. d4 cxd4 4. Nxd4 Nc6 5. Nc3 Nf6 6. Nxc6 bxc6 7. Bd3 d5 8.
O-O Be7 9. Re1 Qc7 10. e5 Nd7 11. Qg4 Kf8 12. Qg3 Rb8 13. Nd1 Nc5 14. Bg5 Nxd3
15. Bxe7+ Qxe7 16. Qxd3 h5 17. c3 Rh6 18. Qe2 Bb7 19. b4 h4 20. Qe3 h3 21. g3
Ba8 22. Qd4 c5 23. bxc5 Rb5 24. Ne3 Rxc5 25. Rab1 Rc8 26. Rb3 Bc6 27. Reb1 Be8
28. Rb7 Qa3 29. Rxa7 Qxc3 30. Qxc3 Rxc3 31. Ra8 Rc7 32. Rbb8 Re7 33. Ng4 Rg6
34. f3 f5 35. Nf2 f4 36. g4 Rg5 37. Nd3 Kf7 38. Rc8 g6 39. a4 d4 40. a5 Bb5 41.
Rf8+ Kg7 42. Rg8+ Kh6 43. Nxf4 Rxe5 44. Nxg6 Re1+ 45. Kf2 Rf1+ 46. Kg3 Rg7 47.
Ne5 Rxg8 48. Rxg8 d3 49. Rd8 Ra1 50. Kxh3 Kg7 51. Kg3 Re1 52. Nxd3 Rd1 53. Rd6
Rxd3 54. Rxe6 Ra3 55. Re5 Bc6 56. Rf5 Be4 57. Rf4 Bc6 58. Rf5 Kg6 59. h4 Be4
60. Rf4 Bc6 61. h5+ Kg7 62. Rf5 Be4 63. Rf4 Ba8 64. Rf5 Kh6 65. Rf7 Bd5 66. Rd7
Be4 67. Kh4 Rxa5 68. f4 Rxh5+ 69. gxh5 Bf3 70. Rd6+ Kg7 71. Kg5 Be4 72. f5 Kh8
73. Kg6 Bxf5+ 74. Kxf5 Kg7 75. Rd7+ Kh6 76. Rf7 Kxh5 77. Rh7# 1-0

[Event "British Columbia-ch U20"]
[Site "Burnaby CAN"]
[Date "2023.11.18"]
[Round "1.1"]
[White "Chen, Zhengyu"]
[Black "Qu, Leo"]
[Result "0-1"]
[WhiteElo "1615"]
[BlackElo "2227"]
[PlyCount "48"]
[EventDate "2023.11.18"]
[EventType "swiss"]
[EventRounds "5"]
[EventCountry "CAN"]

1. e4 c6 2. d4 d5 3. exd5 cxd5 4. Bd3 Nc6 5. c3 Qc7 6. Ne2 Bg4 7. O-O e6 8. Bf4
Bd6 9. Bxd6 Qxd6 10. Qd2 Bh5 11. Re1 Nf6 12. Ng3 Bg6 13. Nf5 Bxf5 14. Bxf5 O-O
15. Bd3 Rab8 16. Re3 b5 17. Rg3 Ne7 18. Qg5 Ng6 19. Nd2 b4 20. Nb3 bxc3 21.
bxc3 h6 22. Qd2 Nf4 23. Nc5 Nxd3 24. Qxh6 Qxg3 0-1

[Event "British Columbia-ch U20"]
[Site "Burnaby CAN"]
[Date "2023.11.18"]
[Round "1.3"]
[White "Vu, Huy Minh"]
[Black "Yang, Jingyun (Ryan)"]
[Result "0-1"]
[WhiteElo "1497"]
[BlackElo "2217"]
[PlyCount "100"]
[EventDate "2023.11.18"]
[EventType "swiss"]
[EventRounds "5"]
[EventCountry "CAN"]

1. e4 c5 2. Nf3 e6 3. d4 cxd4 4. Nxd4 Nc6 5. Nc3 Qc7 6. Be3 a6 7. a3 Nf6 8. Be2
b5 9. O-O Be7 10. f4 Bb7 11. e5 Nxd4 12. Bxd4 Nd5 13. Nxd5 Bxd5 14. b3 O-O 15.
Bf3 Bxf3 16. Rxf3 Rac8 17. Ra2 Bc5 18. h3 d6 19. Kh2 Bxd4 20. Qxd4 dxe5 21.
Qxe5 Qxe5 22. fxe5 Rc5 23. Re3 Rfc8 24. Re2 Kf8 25. a4 b4 26. Re4 a5 27. Re2
Ke7 28. Kg3 Rc3+ 29. Kf2 R8c5 30. Rb2 f5 31. exf6+ gxf6 32. Rd2 e5 33. Ke1 Ke6
34. Kd1 e4 35. Rd8 Rd5+ 36. Rxd5 Kxd5 37. Kd2 Kd4 38. Rb1 e3+ 39. Kc1 Rc8 40.
g4 h5 41. Kb2 e2 42. gxh5 Ke3 43. Rh1 Kd2 44. Rh2 Rxc2+ 45. Ka1 Rc5 46. h6 Rh5
47. Rf2 Rxh6 48. Kb2 Rxh3 49. Ka2 Kd1 50. Rxf6 e1=Q 0-1

[Event "British Columbia-ch U20"]
[Site "Burnaby CAN"]
[Date "2023.11.18"]
[Round "1.4"]
[White "Aljo, Johan"]
[Black "McCallum, Elliot"]
[Result "1-0"]
[WhiteElo "2121"]
[BlackElo "1450"]
[PlyCount "102"]
[EventDate "2023.11.18"]
[EventType "swiss"]
[EventRounds "5"]
[EventCountry "CAN"]

1. d4 d5 2. c4 c6 3. Nc3 e6 4. e3 f5 5. Nf3 Nf6 6. Be2 Bd6 7. O-O Nbd7 8. b3
O-O 9. Bb2 Ne4 10. Rc1 h6 11. Rc2 Ndf6 12. Nxe4 Nxe4 13. Ne5 Bxe5 14. dxe5 Bd7
15. Ba3 Rf7 16. f3 Ng5 17. f4 Ne4 18. Bh5 g6 19. Bxg6 Rg7 20. Bh5 Qh4 21. Bf3
Kh7 22. Qe1 Qd8 23. Bxe4 fxe4 24. Bb2 Qg8 25. Kh1 Rf8 26. cxd5 cxd5 27. Bd4 Bb5
28. Rff2 Bd3 29. Rc1 a6 30. Bc5 Rf5 31. Qd1 b5 32. Bd6 Qd8 33. g3 Rff7 34. Qh5
Rf5 35. Qh3 Qa5 36. g4 Rff7 37. g5 Rg6 38. Qh5 Qd8 39. Rg2 Qg8 40. Rcg1 d4 41.
gxh6 Rxg2 42. Rxg2 Qe8 43. Rg7+ Kh8 44. Qxf7 Qxf7 45. Rxf7 dxe3 46. Bb4 Be2 47.
Kg1 Bd3 48. Be1 Bb1 49. a4 Ba2 50. axb5 axb5 51. b4 Bc4 1-0

[Event "British Columbia-ch U20"]
[Site "Burnaby CAN"]
[Date "2023.11.18"]
[Round "2.1"]
[White "Qu, Leo"]
[Black "Harms, Reece"]
[Result "1/2-1/2"]
[WhiteElo "2227"]
[BlackElo "1883"]
[PlyCount "92"]
[EventDate "2023.11.18"]
[EventType "swiss"]
[EventRounds "5"]
[EventCountry "CAN"]

1. d4 Nf6 2. Nc3 d5 3. Bf4 c5 4. e4 a6 5. e5 Ne4 6. Nxe4 dxe4 7. d5 g6 8. c3
Bg7 9. Qa4+ Bd7 10. Qxe4 O-O 11. Rd1 Qa5 12. a3 Bf5 13. Qe3 Nd7 14. Be2 Rad8
15. g4 Bc2 16. Rd2 Bb3 17. c4 Qa4 18. Nf3 Bxc4 19. Bxc4 Qxc4 20. b3 Qc1+ 21.
Rd1 Qxa3 22. O-O Nb6 23. d6 exd6 24. exd6 Rfe8 25. Qd3 Qb4 26. Bg3 Qxg4 27. Kg2
Nd7 28. h3 Qe4 29. Qd5 b6 30. Kg1 Qxd5 31. Rxd5 Re2 32. Rfd1 Rb2 33. R5d3 Re8
34. Bh4 h6 35. Bg3 b5 36. Rc1 a5 37. Kf1 f5 38. h4 Ree2 39. Rcd1 Ra2 40. Rc1 f4
41. Bxf4 Rxf2+ 42. Kg1 Rfc2 43. Re1 Re2 44. Rc1 Kf7 45. Kh1 Ra1 46. Rxa1 Bxa1
1/2-1/2

[Event "British Columbia-ch U20"]
[Site "Burnaby CAN"]
[Date "2023.11.18"]
[Round "2.2"]
[White "Gao, Justin"]
[Black "Liu, Zachary"]
[Result "1-0"]
[WhiteElo "1844"]
[BlackElo "2219"]
[PlyCount "95"]
[EventDate "2023.11.18"]
[EventType "swiss"]
[EventRounds "5"]
[EventCountry "CAN"]

1. e4 c5 2. Nc3 d6 3. f4 g6 4. Nf3 Bg7 5. Bc4 Nc6 6. d3 Nf6 7. O-O O-O 8. Qe1
Nd4 9. Nxd4 cxd4 10. Ne2 d5 11. exd5 Nxd5 12. Bxd5 Qxd5 13. Ng3 e6 14. Ne4 b6
15. Bd2 Bb7 16. Qg3 Qd7 17. Rac1 Bd5 18. Qh4 Qd8 19. Qf2 Qe7 20. a3 a5 21. c3
Rfd8 22. cxd4 Rac8 23. Rxc8 Rxc8 24. Nc3 Bb7 25. Re1 Qd6 26. Be3 Ba6 27. Rd1
Rd8 28. d5 Rb8 29. Bd4 exd5 30. Bxg7 Kxg7 31. Qd4+ Kg8 32. Ne4 Qc7 33. Nf6+ Kf8
34. Nxh7+ Kg8 35. Nf6+ Kf8 36. Nd7+ Kg8 37. Nxb8 Qxb8 38. Qxd5 Bb7 39. Qd7 Ba6
40. f5 Qe5 41. fxg6 fxg6 42. Qd8+ Kh7 43. Rf1 Qe3+ 44. Kh1 Qe6 45. Qf8 g5 46.
Rf7+ Kg6 47. Qg8+ Kh5 48. Rh7+ 1-0

[Event "British Columbia-ch U20"]
[Site "Burnaby CAN"]
[Date "2023.11.18"]
[Round "2.4"]
[White "Yu, Ryan Bole"]
[Black "Aljo, Johan"]
[Result "1-0"]
[WhiteElo "1767"]
[BlackElo "2121"]
[PlyCount "95"]
[EventDate "2023.11.18"]
[EventType "swiss"]
[EventRounds "5"]
[EventCountry "CAN"]

1. e4 c6 2. d4 d5 3. Nc3 dxe4 4. Nxe4 Bf5 5. Ng3 Bg6 6. h4 h6 7. Nf3 Nd7 8. h5
Bh7 9. Bd3 Bxd3 10. Qxd3 e6 11. Bd2 Ngf6 12. O-O-O Be7 13. Kb1 O-O 14. Ne4 Nxe4
15. Qxe4 Nf6 16. Qd3 Qd5 17. Ne5 c5 18. Be3 Rfc8 19. Qc4 Qxc4 20. Nxc4 Ng4 21.
Rh3 Nxe3 22. Nxe3 Rd8 23. d5 Bg5 24. c4 Bxe3 25. fxe3 exd5 26. cxd5 Re8 27. Rf3
Rad8 28. Rf5 Rxe3 29. d6 b6 30. g4 f6 31. Rf4 Rd7 32. Rf5 Re6 33. Rfd5 Kf7 34.
Kc2 Ke8 35. Kc3 Kd8 36. a3 Kc8 37. b4 cxb4+ 38. axb4 a6 39. Kc4 Re4+ 40. R5d4
Re5 41. Rd5 Re2 42. R1d2 Re8 43. b5 axb5+ 44. Kxb5 Kb7 45. Ra2 Re4 46. Rg2 Rf4
47. Rg3 Re4 48. Rg1 1-0

[Event "British Columbia-ch w"]
[Site "North Vancouver CAN"]
[Date "2023.10.07"]
[Round "1.1"]
[White "Mok, Gillian"]
[Black "Partovirad, Diba"]
[Result "1-0"]
[WhiteElo "1875"]
[BlackElo "1739"]
[PlyCount "55"]
[EventDate "2023.10.06"]
[EventType "tourn"]
[EventRounds "4"]
[EventCountry "CAN"]

1. e4 c6 2. d4 d5 3. exd5 cxd5 4. c4 Nf6 5. Nc3 e6 6. Nf3 Be7 7. cxd5 Nxd5 8.
Bd3 Nc6 9. a3 a6 10. O-O O-O 11. Re1 Bf6 12. Bc2 Nxc3 13. bxc3 b5 14. Qd3 g6
15. Bh6 Re8 16. a4 b4 17. Qc4 Bd7 18. cxb4 Rc8 19. Qb3 Qb6 20. Ne5 Nxd4 21. Qe3
Qd6 22. Bd3 Rc3 23. Nxd7 Qxd7 24. Qf4 Qe7 25. Rad1 Rb3 26. b5 axb5 27. Bxb5 Rb8
28. Qxb8+ 1-0

[Event "British Columbia-ch w"]
[Site "North Vancouver CAN"]
[Date "2023.10.07"]
[Round "1.2"]
[White "Partovirad, Diba"]
[Black "Mok, Gillian"]
[Result "0-1"]
[WhiteElo "1739"]
[BlackElo "1875"]
[PlyCount "70"]
[EventDate "2023.10.06"]
[EventType "tourn"]
[EventRounds "4"]
[EventCountry "CAN"]

1. d4 Nf6 2. c4 g6 3. Nc3 Bg7 4. e4 d6 5. Be2 O-O 6. Nf3 Nbd7 7. O-O e5 8. d5
Ne8 9. b4 h6 10. a4 f5 11. Nd2 Ndf6 12. Ba3 f4 13. c5 h5 14. Nc4 Rf7 15. a5 Bf8
16. b5 Rh7 17. b6 cxb6 18. axb6 dxc5 19. Nxe5 Ng4 20. Nxg4 hxg4 21. Bxg4 Qh4
22. h3 axb6 23. Bxc8 Rxc8 24. Re1 Qg5 25. Kf1 Bg7 26. Rc1 Nd6 27. Na4 Ra8 28.
Qb3 f3 29. gxf3 Rxh3 30. Nxb6 Rf8 31. Bxc5 Rfxf3 32. Qc2 Rc3 33. Qa2 Rxc1 34.
Rxc1 Qxc1+ 35. Kg2 Qh1# 0-1

[Event "British Columbia-ch w"]
[Site "North Vancouver CAN"]
[Date "2023.10.08"]
[Round "2.1"]
[White "Zhang, Joyce"]
[Black "Mok, Gillian"]
[Result "1-0"]
[WhiteElo "1817"]
[BlackElo "1875"]
[PlyCount "97"]
[EventDate "2023.10.06"]
[EventType "tourn"]
[EventRounds "4"]
[EventCountry "CAN"]

1. e4 e5 2. Nf3 Nc6 3. Bb5 a6 4. Ba4 Nf6 5. O-O d6 6. c3 Nxe4 7. d4 Bd7 8. Re1
f5 9. Nbd2 Be7 10. Nxe4 fxe4 11. Rxe4 d5 12. Re1 e4 13. Ne5 Nxe5 14. dxe5 Bxa4
15. Qxa4+ Qd7 16. Qd1 O-O 17. Rxe4 Qf5 18. Qxd5+ Kh8 19. Rf4 Qh5 20. Be3 Rfd8
21. Qf3 Qxf3 22. Rxf3 Rd5 23. Bf4 Rad8 24. Re1 g5 25. Bg3 Rd2 26. b4 Rxa2 27.
Rf7 Re8 28. e6 Kg8 29. h3 Bd8 30. Rd7 Bf6 31. Rxc7 b6 32. Rc6 a5 33. Be5 Bd8
34. Bd6 Bf6 35. bxa5 bxa5 36. Be5 Be7 37. Ra6 a4 38. c4 Bc5 39. Bg3 a3 40. Re5
Be7 41. Rea5 Rc2 42. Ra8 Rf8 43. Rxf8+ Bxf8 44. Rxg5+ Bg7 45. Be5 a2 46. Rxg7+
Kf8 47. Ra7 Rxc4 48. Bf6 Re4 49. Ra8# 1-0

[Event "British Columbia-ch w"]
[Site "North Vancouver CAN"]
[Date "2023.10.08"]
[Round "2.2"]
[White "Mok, Gillian"]
[Black "Zhang, Joyce"]
[Result "0-1"]
[WhiteElo "1875"]
[BlackElo "1817"]
[PlyCount "142"]
[EventDate "2023.10.06"]
[EventType "tourn"]
[EventRounds "4"]
[EventCountry "CAN"]

1. e4 c5 2. Nf3 d6 3. d4 cxd4 4. Nxd4 Nf6 5. Nc3 a6 6. Be2 e5 7. Nb3 Be7 8. O-O
O-O 9. Kh1 Nbd7 10. Be3 b5 11. a4 Bb7 12. axb5 axb5 13. Rxa8 Bxa8 14. Nxb5 Bxe4
15. f3 Bg6 16. c4 Nc5 17. Nc1 d5 18. Bxc5 Bxc5 19. Nd3 Qe7 20. b3 Rd8 21. Qa1
Re8 22. Nxc5 Qxc5 23. cxd5 Nxd5 24. Bc4 Ne3 25. Rc1 Nxc4 26. bxc4 h6 27. Qa7
Rc8 28. Qxc5 Rxc5 29. Kg1 Bd3 30. Nd6 Kf8 31. Rc3 Bg6 32. Nb7 Rc7 33. Na5 f6
34. Kf2 Bf7 35. c5 Ke7 36. Ke3 Bd5 37. Kd3 Ke6 38. Kc2 Ra7 39. Nc4 Bxc4 40.
Rxc4 Kd5 41. Rc3 Rc7 42. Kd3 f5 43. Rb3 Rxc5 44. Rb7 e4+ 45. Ke3 g5 46. Rb6 h5
47. fxe4+ fxe4 48. Rg6 Rc3+ 49. Kd2 Rd3+ 50. Ke2 g4 51. Rg5+ Kd4 52. Rxh5 Ra3
53. Rb5 Ra2+ 54. Kf1 e3 55. Rb8 Rf2+ 56. Kg1 Kc3 57. Rb1 Rd2 58. Re1 Kd3 59.
Kf1 Rf2+ 60. Kg1 Rf5 61. Rd1+ Kc2 62. Ra1 Rd5 63. Re1 Rd1 64. Kf1 Kd2 65. Rxd1+
Kxd1 66. g3 e2+ 67. Kg2 e1=Q 68. h3 Ke2 69. hxg4 Qf1+ 70. Kh2 Kf3 71. g5 Qg2#
0-1

[Event "British Columbia-ch w"]
[Site "Richmond/Burnaby CAN"]
[Date "2023.02.19"]
[Round "1"]
[White "Mok, Gillian"]
[Black "Zhang, Joyce"]
[Result "0-1"]
[WhiteElo "1695"]
[BlackElo "1750"]
[PlyCount "122"]
[EventDate "2023.02.19"]
[EventType "match"]
[EventRounds "3"]
[EventCountry "CAN"]

1. e4 c5 2. Nf3 d6 3. d4 cxd4 4. Nxd4 Nf6 5. Nc3 a6 6. Be2 e5 7. Nb3 Be7 8. f4
Nc6 9. O-O b5 10. Be3 Bb7 11. a4 b4 12. Nd5 Nxd5 13. exd5 Na5 14. Nxa5 Qxa5 15.
Bc4 Qc7 16. b3 O-O 17. Qh5 g6 18. Qf3 Bf6 19. f5 e4 20. Qxe4 Rfe8 21. Qf3 Bxa1
22. Rxa1 Qe7 23. Re1 Qe4 24. fxg6 fxg6 25. Qd1 Re5 26. Bf2 Qf5 27. Rxe5 Qxe5
28. Bd4 Qe4 29. Bb6 Rf8 30. h3 Re8 31. Ba5 Re5 32. Qd3 Qxd3 33. Bxd3 Bxd5 34.
Bxb4 Rg5 35. g4 Re5 36. Bxd6 Re1+ 37. Kf2 Rh1 38. Bf1 Kf7 39. c4 Bb7 40. b4 h5
41. gxh5 gxh5 42. Bg3 h4 43. Bxh4 Rh2+ 44. Ke3 Bc8 45. Bg3 Ra2 46. a5 Ra4 47.
Bd6 Bxh3 48. Bxh3 Ra3+ 49. Kd4 Rxh3 50. b5 Ke6 51. Bb4 Kd7 52. bxa6 Kc6 53. a7
Rh8 54. Bc5 Rd8+ 55. Kc3 Kxc5 56. Kb3 Ra8 57. Ka4 Rxa7 58. a6 Rxa6+ 59. Kb3
Rb6+ 60. Kc3 Rb4 61. Kd3 Rxc4 0-1

[Event "British Columbia-ch w"]
[Site "Richmond/Burnaby CAN"]
[Date "2023.02.19"]
[Round "2"]
[White "Zhang, Joyce"]
[Black "Mok, Gillian"]
[Result "1/2-1/2"]
[WhiteElo "1750"]
[BlackElo "1695"]
[PlyCount "170"]
[EventDate "2023.02.19"]
[EventType "match"]
[EventRounds "3"]
[EventCountry "CAN"]

1. e4 e5 2. Nf3 Nc6 3. Bb5 a6 4. Ba4 Nf6 5. O-O Be7 6. Re1 b5 7. Bb3 d6 8. c3
O-O 9. h3 Na5 10. Bc2 c5 11. d4 Qc7 12. Nbd2 cxd4 13. cxd4 Bd7 14. Nf1 Rfc8 15.
Bd3 Nc6 16. Be3 exd4 17. Nxd4 Ne5 18. Ng3 d5 19. Bf4 Bd6 20. exd5 Nxd5 21. Bxe5
Bxe5 22. Bxh7+ Kxh7 23. Qh5+ Kg8 24. Qxe5 Qxe5 25. Rxe5 Nf4 26. Ngf5 Bxf5 27.
Rxf5 Nd3 28. b3 Rd8 29. Nc6 Rd6 30. Rd1 Rxc6 31. Rxd3 Rc1+ 32. Kh2 Ra1 33. Rd2
f6 34. Rc5 Ra7 35. Kg3 Kf7 36. h4 Kg6 37. Kg4 Re1 38. h5+ Kf7 39. Rc8 Re5 40.
f4 Re4 41. Rdd8 g5 42. Rf8+ Kg7 43. h6+ Kg6 44. g3 gxf4 45. gxf4 Kxh6 46. Rxf6+
Kg7 47. Rcc6 a5 48. Kf5 Ree7 49. Rg6+ Kh7 50. Rh6+ Kg8 51. Ra6 Rf7+ 52. Kg4
Rad7 53. Rhg6+ Kh8 54. Rg5 Rd4 55. Rh6+ Rh7 56. Rxh7+ Kxh7 57. Rxb5 a4 58. bxa4
Rxa4 59. Rb2 Kg6 60. Rf2 Kf6 61. Kf3 Kf5 62. Ke3 Ra7 63. Kd4 Ra8 64. Kc5 Ra7
65. Kb6 Ra8 66. Kb5 Rb8+ 67. Kc4 Ra8 68. Kb3 Rb8+ 69. Kc2 Ra8 70. Kb1 Ra7 71.
Kc1 Ra8 72. Kd1 Ra7 73. Ke1 Ra8 74. Kf1 Ra7 75. Kg2 Rg7+ 76. Kf3 Ra7 77. Rb2
Ra3+ 78. Rb3 Rxa2 79. Rb5+ Kf6 80. Rd5 Ra1 81. Rd8 Rf1+ 82. Kg3 Rb1 83. Rd5
Rg1+ 84. Kf2 Ra1 85. f5 Ra2+ 1/2-1/2